Chronicles of Uganda (Record no. 123990)
[ view plain ]
| 000 -LEADER | |
|---|---|
| fixed length control field | 01589cam a2200385K 4500 |
| 001 - CONTROL NUMBER | |
| control field | 8669638 |
| 003 - CONTROL NUMBER IDENTIFIER | |
| control field | ARRUPE |
| 005 - DATE AND TIME OF LATEST TRANSACTION | |
| control field | 20160121121135.0 |
| 006 - FIXED-LENGTH DATA ELEMENTS--ADDITIONAL MATERIAL CHARACTERISTICS--GENERAL INFORMATION | |
| fixed length control field | m d |
| 007 - PHYSICAL DESCRIPTION FIXED FIELD--GENERAL INFORMATION | |
| fixed length control field | cr bn||||||abp |
| 007 - PHYSICAL DESCRIPTION FIXED FIELD--GENERAL INFORMATION | |
| fixed length control field | cr bn||||||ada |
| 008 - FIXED-LENGTH DATA ELEMENTS--GENERAL INFORMATION | |
| fixed length control field | 101107s1894 enka o o01 0 eng d |
| 035 ## - SYSTEM CONTROL NUMBER | |
| System control number | (OCoLC)ocn679328060 |
| 035 ## - SYSTEM CONTROL NUMBER | |
| System control number | (OCoLC)679328060 |
| Canceled/invalid control number | (OCoLC)635679257 |
| 040 ## - CATALOGING SOURCE | |
| Original cataloging agency | OCLCE |
| Language of cataloging | eng |
| Transcribing agency | OCLCE |
| 043 ## - GEOGRAPHIC AREA CODE | |
| Geographic area code | f-ug--- |
| 049 ## - LOCAL HOLDINGS (OCLC) | |
| Holding library | ZCUA |
| 050 #4 - LIBRARY OF CONGRESS CALL NUMBER | |
| Classification number | SPC DT434.U2 |
| Item number | .A77 |
| 082 04 - DEWEY DECIMAL CLASSIFICATION NUMBER | |
| Classification number | 916.76 |
| Item number | A824c |
| 084 ## - OTHER CLASSIFICATION NUMBER | |
| Classification number | 15.80 |
| Source of number | bcl |
| 300 ## - PHYSICAL DESCRIPTION | |
| Other physical details | illus. |
| Dimensions | 22 cm. |
| 100 1# - MAIN ENTRY--PERSONAL NAME | |
| Personal name | Ashe, Robert Pickering, |
| Dates associated with a name | 1857-1944. |
| 9 (RLIN) | 21675 |
| 245 10 - TITLE STATEMENT | |
| Title | Chronicles of Uganda |
| Medium | [electronic resource]. |
| 260 ## - PUBLICATION, DISTRIBUTION, ETC. (IMPRINT) | |
| Place of publication, distribution, etc | London, |
| Name of publisher, distributor, etc | Hodder and Stoughton, |
| Date of publication, distribution, etc | 1894. |
| 300 ## - PHYSICAL DESCRIPTION | |
| Extent | 480 p. |
| 506 ## - RESTRICTIONS ON ACCESS NOTE | |
| Materials specified | Use copy |
| Standardized terminology for access restriction | Restrictions unspecified |
| Source of term | star |
| Institution to which field applies | MiAaHDL |
| 533 ## - REPRODUCTION NOTE | |
| Type of reproduction | Electronic reproduction. |
| Place of reproduction | [S.l.] : |
| Agency responsible for reproduction | HathiTrust Digital Library, |
| Date of reproduction | 2010. |
| 538 ## - SYSTEM DETAILS NOTE | |
| System details note | Master and use copy. Digital master created according to Benchmark for Faithful Digital Reproductions of Monographs and Serials, Version 1. Digital Library Federation, December 2002. |
| Uniform Resource Identifier | <a href="http://purl.oclc.org/DLF/benchrepro0212">http://purl.oclc.org/DLF/benchrepro0212</a> |
| 583 1# - ACTION NOTE | |
| Action | digitized |
| Time/date of action | 2010 |
| Jurisdiction | HathiTrust Digital Library |
| Status | committed to preserve |
| Source of term | pda |
| Institution to which field applies | MiAaHDL |
| 583 1# - ACTION NOTE | |
| Action | digitized |
| Time/date of action | 2010 |
| Jurisdiction | HathiTrust Digital Library |
| Status | committed to preserve |
| Source of term | pda |
| Institution to which field applies | MiAaHDL |
| 583 1# - ACTION NOTE | |
| Action | digitized |
| Time/date of action | 2010 |
| Jurisdiction | HathiTrust Digital Library |
| Status | committed to preserve |
| Source of term | pda |
| Institution to which field applies | MiAaHDL |
| 650 #0 - SUBJECT ADDED ENTRY--TOPICAL TERM | |
| Topical term or geographic name as entry element | Missions |
| Geographic subdivision | Uganda. |
| 9 (RLIN) | 21676 |
| 651 #0 - SUBJECT ADDED ENTRY--GEOGRAPHIC NAME | |
| Geographic name | Uganda |
| General subdivision | History. |
| 9 (RLIN) | 1459 |
| 776 1# - ADDITIONAL PHYSICAL FORM ENTRY | |
| Qualifying information | Original |
| Record control number | (DLC) 52053290 |
| -- | (OCoLC)4250633 |
| 942 ## - ADDED ENTRY ELEMENTS (KOHA) | |
| Source of classification or shelving scheme | Library of Congress Classification |
| Koha item type | Monograph ( Printed materials) |
| Withdrawn status | Lost status | Source of classification or shelving scheme | Damaged status | Not for loan | Collection code | Home library | Current library | Shelving location | Date acquired | Total Checkouts | Full call number | Barcode | Date last seen | Price effective from | Koha item type |
|---|---|---|---|---|---|---|---|---|---|---|---|---|---|---|---|
| Library of Congress Classification | Main Collection | ARRUPE LIBRARY | ARRUPE LIBRARY | Main Collection | 21/01/2016 | SPC DT434.U2A77 | 46500005993 | 21/01/2016 | 21/01/2016 | Monograph ( Printed materials) |